| 000 | 02390cam a22004454a 4500 | ||
|---|---|---|---|
| 001 | 16450038 | ||
| 003 | OSt | ||
| 005 | 20140310182751.0 | ||
| 008 | 100908s2011 caua b 001 0 eng d | ||
| 010 | _a 2010936663 | ||
| 020 | _a9781849207812 | ||
| 020 | _a184920781X | ||
| 020 | _a1849207801 | ||
| 020 | _a9781849207805 | ||
| 035 | _a(OCoLC)ocn681498362 | ||
| 040 |
_aBTCTA _beng _cBTCTA _dYDXCP _dNLE _dUPP _dCDX _dTXA _dAZU _dLHU _dDLC |
||
| 041 | 1 |
_aeng _hger |
|
| 042 | _alccopycat | ||
| 050 | 0 | 0 |
_aH 62 _b.F621 2011 |
| 082 | 0 | 4 |
_aM 300.721 _bF621 2011 |
| 100 | 1 |
_aFlick, Uwe, _d1956- |
|
| 240 | 1 | 0 |
_aSozialforschung _lEnglish |
| 245 | 1 | 0 |
_aIntroducing research methodology _ba beginner's guide to doing a research project _cFlick, Uwe |
| 260 |
_aThousand Oaks, Calif. _bSage Publications _cc2011 |
||
| 300 |
_axx, 271 p. : _bill. ; _c23 cm. |
||
| 504 | _aIncludes bibliographical references (p. [256]-263) and index. | ||
| 505 | 0 | _aPART ONE: ORIENTATION -- Why Social Research? -- From Research Idea to Research Question -- Reading and Reviewing the Literature -- PART TWO: PLANNING AND DESIGN -- Planning Social Research: Steps of the Research Process -- Designing Social Research -- Deciding Your Methods -- PART THREE: WORKING WITH DATA -- Gathering Data: Quantitative and Qualitative Approaches -- Analyzing Quantitative and Qualitative Data -- E-Research: Doing Social Research Online -- Integrated Social Research: Combination of Different Approaches -- PART FOUR: REFLECTION AND WRITING -- What Is Good Research? Evaluating Your Research Project -- Ethical Issues in Social Research -- Writing Research and Using Results | |
| 520 | 8 | _a'Introducing Research Methodology' gives readers the fundamental data collection and analysis skills that they need for their first project, as well as a good understanding of the research process as a whole. | |
| 521 | _aCollege | ||
| 526 | _c1210L-1700L | ||
| 534 |
_pOriginally published in German: Reinbek bei Hamburg : Rowohlt Verlag, c2009, _nunder title: _tSozialforschung : Methoden und Anwendungen. |
||
| 541 | _j1 | ||
| 562 | _e1 | ||
| 650 | 0 |
_aSocial sciences _xResearch. |
|
| 650 | 0 |
_aResearch _xMethodology. |
|
| 906 |
_a7 _bcbc _ccopycat _d2 _encip _f20 _gy-gencatlg |
||
| 942 |
_2lcc _cBK _kM |
||
| 999 |
_c15739 _d15739 |
||